00841cam a22002171 4500001001300000003000400013005001700017008004100034010001700075035001900092040005300111050001500164082001100179100005100190245006600241260004900307300002600356490006400382500013900446651003800585sd 46000039 DLC20260227112735.0780328s1946 dcu f000 0 eng c asd 46000039  a(OCoLC)3757126 aU.S. Dept. of State LibrarycNGenoUdNGenoUdDLC00aE744b.B92 a327.731 aByrnes, James F.q(James Francis),d1882-1972.10aU.S. aims and policies in Europe,cby the Secretary of State. a[Washington,bU.S. Govt. Print. Off.,c1946] a1 p.l., 12 p.c20 cm.0 aU.S. Dept. of State. Publication 2670. European series,v18 a"An address [by Secretary Byrnes] delivered in Paris on Oct. 3 at the American Club and released to the press on the same date."-p. 1. 0aUnited StatesxForeign relations.